Statistics for Top 10 Least Corrupt African Countries

Click here to take the quiz!

General Stats

  • This quiz has been taken 117 times
  • The average score is 6 of 10

Answer Stats

ScoreCountry% Correct
43South Africa
83%
43Morocco
74%
51Mauritius
71%
43Tunisia
71%
61Botswana
64%
57Cape Verde
62%
53Namibia
62%
46São Tomé and Príncipe
48%
45Senegal
37%
56Rwanda
33%

Score Distribution

Percentile by Number Answered

Percent of People with Each Score

Your Score History

You have not taken this quiz